000
00277 a2200121 4500
001
12612
090
_c
9625
_d
9625
100
_a
Baylis, John
245
_a
Globalization of World politics, 2/e
250
_a
2
260
_a
london
_b
Oxford university Press
_c
2001
300
_a
xxx, 690p.
942
_a
NUST-CAE
999
_c
247685
_d
247685